00571nam a2200181 a 450000100100000000500170001000800410002702000150006804000250008308200150010810000180012324500750014126000460021630000210026249000390028370000280032283000390035000004245220201002040151.0131203s1976 sp 000 0 spa d a8401809479 aDO-SdBNPbspacBNPHU axxxxbxxxx1 aLagos, Concha10aAntología :b1954-1976 /cConcha Lagos ; prólogo de Emilio Miró. aEspaña :bEspulgas de Llobregat,c1976. a367 p. ;c19 cm.1 aSelecciones de poesía española12aMiró, Emilioepról. 0aSelecciones de poesía española